000 01639nam a2200289 a 4500
001 000022434
005 20250120110604.0
008 101011t2005 dr ac 001 0 spa d
020 _a9945853902
040 _aDO-SdBNP
_bspa
_cBNPHU
082 _a070.449796
_bN714r, 2005
100 1 _aNina Gómez, Carlos
_96492
245 1 0 _aRedacción deportiva /
_cCarlos Nina Gómez ; prólogo Rafael Molina Morillo.
250 _a3a ed. corr. y amp.
260 _aSanto Domingo :
_bValdivia,
_c2005.
300 _a304 p. :
_bil., retr.
500 _aIncluye datos biográficos del autor en la solapa de la cubierta.
505 0 _gPresentación --
_gPrólogo /
_rRafael Molina Morillo --
_tSaber escribir --
_tConcepto de lo que es noticia --
_tRedacción deportiva --
_tNo a la especulación --
_tLa noticia corta --
_tLa noticia deportiva --
_tCómo cubrir certámenes internacionales --
_tEl trabajo interno --
_tLos títulos deportivos --
_tLos instrumentos del periodista --
_tLas fotografías --
_tLa función del editor deportivo --
_tLa noticia en perspectiva --
_tEl articulista --
_tLa fuentes --
_tEl periodismo de revista --
_tLa noticia de radio --
_tLa buena entrevista --
_tBuenos ejemplos de periodismo deportivo --
_tCómo escriben las agencias internacionales.
590 _aInventariado,2018/DG
650 4 _aPeriodismo deportivo
_96910
650 4 _aMedios de comunicacion de masas y deportes
_946244
650 4 _aCrónica deportiva
_96911
650 4 _aPolítica deportiva
_946245
650 4 _aPeriodismo-arte de escribir
_946246
700 1 _aMolina Morillo, Rafael,
_d1930-1917
_epról.
_937
910 _aValidado. Control de calidad EMS.
999 _c21932
_d21932